<?xml version="1.0" encoding="UTF-8"?>
<collection xmlns="http://www.loc.gov/MARC21/slim">
    <record>
        <controlfield tag="001">67322</controlfield>
        <controlfield tag="005">20180223094851.0</controlfield>
        <datafield tag="037" ind1=" " ind2=" ">
            <subfield code="a">GDOC-2016-30520</subfield>
        </datafield>
        <datafield tag="041" ind1=" " ind2=" ">
            <subfield code="a">spa</subfield>
        </datafield>
        <datafield tag="100" ind1=" " ind2=" ">
            <subfield code="0">(orcid)0000-0003-2051-8424</subfield>
            <subfield code="1">145906</subfield>
            <subfield code="a">López Azcona, María Aurora</subfield>
        </datafield>
        <datafield tag="245" ind1="0" ind2="0">
            <subfield code="9">30520</subfield>
            <subfield code="a">Derecho Civil Aragonés</subfield>
        </datafield>
        <datafield tag="260" ind1=" " ind2=" ">
            <subfield code="a">Zaragoza</subfield>
            <subfield code="b">Universidad de Zaragoza</subfield>
            <subfield code="c">2016-2017</subfield>
        </datafield>
        <datafield tag="520" ind1=" " ind2=" ">
            <subfield code="a">Breve presentación de la asignatura
“Derecho civil aragonés” es la última asignatura de Derecho civil que cursa el alumno de Grado y tiene por objeto las instituciones y materias reguladas en el Código del Derecho Foral de Aragón dentro de los siguientes bloques temáticos: las fuentes del Derecho, el derecho de la persona, el derecho de la familia, el derecho de sucesiones por causa de muerte y el derecho patrimonial.
En la asignatura “Derecho civil aragonés” se atiende exclusivamente a la normativa civil de origen aragonés y se pretende facilitar al alumno una exposición de conjunto, si bien se procurará evitar la reiteración de instituciones ya estudiadas con detalle en otras asignaturas y se prestará una mayor atención a las instituciones aragonesas que no tienen equivalente en el Derecho general del Estado.</subfield>
            <subfield code="b"> </subfield>
        </datafield>
        <datafield tag="521" ind1=" " ind2=" ">
            <subfield code="9">154</subfield>
            <subfield code="a">PCEO Grado en Derecho / Grado en Administración y Dirección de Empresas</subfield>
        </datafield>
        <datafield tag="540" ind1=" " ind2=" ">
            <subfield code="a">by-nc-sa</subfield>
            <subfield code="b">Creative Commons</subfield>
            <subfield code="c">3.0</subfield>
            <subfield code="u">http://creativecommons.org/licenses/by-nc-sa/3.0/</subfield>
        </datafield>
        <datafield tag="700" ind1=" " ind2=" ">
            <subfield code="0">(orcid)0000-0002-5601-5573</subfield>
            <subfield code="1">387469</subfield>
            <subfield code="a">Moreu Ballonga, José Luis</subfield>
        </datafield>
        <datafield tag="830" ind1=" " ind2=" ">
            <subfield code="9">432</subfield>
        </datafield>
        <datafield tag="856" ind1="4" ind2=" ">
            <subfield code="s">17421</subfield>
            <subfield code="u">http://zaguan.unizar.es/record/67322/files/guia-30520-es.pdf</subfield>
            <subfield code="y">Guía (idioma español)</subfield>
        </datafield>
        <datafield tag="856" ind1="4" ind2=" ">
            <subfield code="s">7707</subfield>
            <subfield code="u">http://zaguan.unizar.es/record/67322/files/guia-30520-en.pdf</subfield>
            <subfield code="y">Guide (english)</subfield>
        </datafield>
        <datafield tag="970" ind1=" " ind2=" ">
            <subfield code="a">GDOC-2016-30520</subfield>
        </datafield>
        <datafield tag="980" ind1=" " ind2=" ">
            <subfield code="a">GDOC</subfield>
            <subfield code="b">Ciencias sociales y jurídicas</subfield>
            <subfield code="c">102</subfield>
        </datafield>
        <datafield tag="980" ind1=" " ind2=" ">
            <subfield code="a">GDOC</subfield>
            <subfield code="b">Ciencias sociales y jurídicas</subfield>
            <subfield code="c">109</subfield>
        </datafield>
    </record>

    
</collection>